000 00550nam a2200181Ia 4500
008 151018s9999 xx 000 0 und d
082 _bRBASDV5698
_a891.463
100 _aभाऊ पाध्ये
245 _aवैतागवाडी
250 _b1
260 _bसाधना प्रकाशन पुणे
_c1964
300 _a173
600 _aभाऊ पाध्ये
630 _aवैतागवाडी
700 _aभाऊ पाध्ये
730 _aवैतागवाडी
942 _cBOOK
999 _c1008080
_d1008077